[Event "Liberec Region-chT 2223"]
[Site "Czech Republic"]
[Date "2023.01.15"]
[Round "6.7"]
[White "Zadrazil, Filip"]
[Black "Schutz, Miroslav"]
[Result "1-0"]
[WhiteElo "1498"]
[BlackElo "1703"]
[PlyCount "55"]
[EventDate "2022.10.09"]
[EventType "team-tourn"]
[EventRounds "11"]
[EventCountry "CZE"]
[SourceTitle "EXT 2024"]
[Source "ChessBase"]
[SourceDate "2023.10.10"]
[SourceVersion "1"]
[SourceVersionDate "2023.10.10"]
[SourceQuality "1"]

1. d4 d5 2. c4 e6 3. Nc3 Nf6 4. Bg5 Be7 5. e3 h6 6. Bh4 c5 7. dxc5 Bxc5 8. cxd5 g5 9. Bg3 Nxd5 10. Nxd5 exd5 11. a3 Bf5 12. Rc1 Bb6 13. Bd3 Be4 14. Bxe4 dxe4 15. Qa4+ Nc6 16. Qxe4+ Qe7 17. Qxe7+ Kxe7 18. Nf3 Rad8 19. Ke2 Rd5 20. Rhd1 Rhd8 21. Rxd5 Rxd5 22. h4 g4 23. Ne1 Ke6 24. Nd3 Kf5 25. Rc4 Rd7 26. Rf4+ Ke6 27. Rxg4 Bd8 28. Nc5+ 1-0